Actors by Picture 2 - Statistics

General Stats
  • This quiz has been taken 117 times
  • The average score is 25 of 44
Answer Stats
Picture Answer % Correct
Tom Cruise
97%
Leonardo DiCaprio
94%
Brad Pitt
93%
Matt Damon
90%
Bruce Willis
89%
Adam Sandler
88%
Samuel L. Jackson
88%
Daniel Craig
86%
Scarlett Johansson
84%
Julia Roberts
80%
Robert De Niro
77%
Jennifer Lawrence
76%
Anthony Hopkins
75%
Clint Eastwood
72%
Margot Robbie
69%
Rami Malek
69%
Gwenyth Paltrow
68%
Cillian Murphy
66%
Denzel Washington
66%
Al Pacino
65%
Will Ferrell
65%
Chris Rock
60%
Edward Norton
57%
Gal Gadot
56%
Christain Bale
55%
Helena Bonham Carter
55%
Salma Hayek
55%
John David Washington
51%
Jodie Foster
50%
Ana De Armas
44%
Jenna Ortega
44%
Emily Blunt
40%
Javier Bardem
40%
Christoph Waltz
39%
Florence Pugh
33%
Michael Fassbender
33%
Kevin James
31%
Casey Affleck
28%
Zach Galifianakis
25%
John C. Reilly
23%
David Spade
20%
Eva Green
19%
Rose Byrne
15%
Lin Shaye
3%
No matching quizzes found
Score Distribution
Percent of People with Each Score
Percentile by Number Answered
Your Score History
You have not taken this quiz